000 00257nam a22001217a 4500
008 170411b xxu||||| |||| 00| 0 eng d
041 _aeng
080 _a616
100 _a9
101 _aSHM
245 _aFIZIOLOGJIA MJEKSORE
_cSTAMIR.S
942 _2udc
_cBK
999 _c10289
_d10289